02651cam a22002294a 450000100090000000300040000900500170001300800410003001000170007102000150008804000170010305000160012010000180013624500600015425000120021426000590022630000490028550400200033450520360035465000140239070000170240413367388OSt20220303102705.0031008s2004 njua b 001 0 eng  a 2003062447 a0131441728 aDLCcLCdDLC00aHB171.5.C311 aCase, Karl E.10aPrinciples of economics. / cKarl E. Case, Ray C. Fair. a7th ed. aUpper Saddle River, NJ:bPearson Prentice Hall,c2004. axlv, 750 p. :bill. (chiefly col.) ;c28 cm. aIncludes index. aContents: 1. Introduction to economics: The scope and method of economics -- The economics problems; scarcity and choice -- Demand, supply, and market equilibrium -- Demand and supply applications and elasticity -- 2. Foundations for microeconomics; consumers and firms: Household behavior and consumer choice -- The production process; the behavior of profit maximizing firms -- Short-run costs and output decisions -- Long-run costs and output decisions -- Input demand; the labor and land market -- Input demand; capital market and the investment decision -- General equilibrium and the efficiency of perfect competition -- 3. Market imperfections and the role of Government: Monopoly and the antitrust policy -- Monopolistic competition and oligopoly -- Externalities, public goods, imperfect information, and social choice -- Income distribution and poverty -- Public finance; the economics of taxation -- 4. Concepts and problems in macroeconomics: Introduction to macroeconomics -- Measuring national output and national income -- Long-run and short-run concerns; Growth, productivity, unemployment and inflation -- 5. The goods and money markets: Aggregate expenditure and equilibrium output -- The Government and fiscal policy -- The money supply and the federal reserve systems -- Money demand, the equilibrium interest rate, and monetary policy -- 6. Macroeconomics analysis: Money, the interest rate, and output; analysis and policy -- Aggregate demand, Aggregate supply, and inflation -- The labor market, unemployment, and inflation -- Macroeconomic issues and policy -- The stock market and the economy -- Household and firm behavior in the macroeconomy; A further look -- Long-run growth -- Debate in macroeconomics; monetarism, new classical theory, and supply-side economics -- 7. The world economy: International trade, comparative advantage, and protectionism -- Open-economy macroeconomics; the balance of payment and exchange rates -- Globalization -- Economic growth in developing and transitional economies. vEconomics1 aFair, Ray C.